[Event "SuperGM"]
[Site "Dortmund GER"]
[Date "2000.07.07"]
[Round "1"]
[White "Leko,P"]
[Black "Huebner,R"]
[Result "1-0"]
[WhiteElo "2743"]
[BlackElo "2615"]

1.e4 e6 2.d4 d5 3.Nc3 Nf6 4.Bg5 Bb4 5.e5 h6 6.Bd2 Bxc3 7.bxc3 Ne4 8.Qg4 Kf8
9.Bd3 Nxd2 10.Kxd2 c5 11.Nf3 Nc6 12.dxc5 Qa5 13.Qf4 Qxc5 14.Nd4 Bd7 15.Rhb1 b6
16.a4 Na5 17.Ba6 Bc8 18.Bb5 Qe7 19.Nc6 Nxc6 20.Bxc6 Rb8 21.a5 Qg5 22.Qxg5 hxg5
23.axb6 axb6 24.Ra7 f6 25.c4 Rh4 26.cxd5 Rd4+ 27.Kc3 fxe5 28.Rb4 exd5 29.Rxd4 exd4+
30.Kxd4 Be6 31.Ke5 Bf7 32.Ra8 Rxa8 33.Bxa8 d4 34.Kxd4 Ke7 35.Ke5 Be6 36.Be4 Bd7
37.c3 Be6 38.Bg6 Bc8 39.Bh5 Bd7 40.f3 Be6 41.Bg4 Bf7 42.Kf5 Kd6 43.Kxg5 Kc5
44.f4 Kc4 45.f5 Kxc3 46.f6 gxf6+ 47.Kxf6 Bc4 48.h4 b5 49.h5 b4 50.h6 b3 51.h7 b2
52.Bf5 Bd3 53.Bxd3  1-0

[Event "SuperGM"]
[Site "Dortmund GER"]
[Date "2000.07.08"]
[Round "2"]
[White "Khalifman,A"]
[Black "Leko,P"]
[Result "1/2-1/2"]
[WhiteElo "2667"]
[BlackElo "2743"]

1.d4 Nf6 2.c4 e6 3.Nc3 Bb4 4.Qc2 d5 5.cxd5 Qxd5 6.e3 c5 7.Bd2 Bxc3 8.Bxc3 cxd4
9.Bxd4 Nc6 10.Bc3 Bd7 11.Nf3 Rc8 12.a3 Ne7 13.Be2 O-O 14.O-O Bb5 15.Rfd1  1/2-1/2

[Event "SuperGM"]
[Site "Dortmund GER"]
[Date "2000.07.09"]
[Round "3"]
[White "Kramnik,V"]
[Black "Bareev,E"]
[Result "1/2-1/2"]
[WhiteElo "2770"]
[BlackElo "2702"]

1.d4 d5 2.c4 c6 3.Nf3 Nf6 4.Nc3 dxc4 5.a4 Bf5 6.Nh4 e6 7.Nxf5 exf5 8.e3 Bb4
9.Bxc4 O-O 10.O-O Nbd7 11.Qc2 g6 12.f3 Rc8 13.Kh1 Nb6 14.Bb3 c5 15.a5 cxd4
16.axb6 dxc3 17.bxa7 cxb2 18.Qxb2 Bc3 19.Bxf7+ Rxf7 20.Qxc3 Rxc3 21.a8=Q Qxa8
22.Rxa8+ Kg7  1/2-1/2

[Event "SuperGM"]
[Site "Dortmund GER"]
[Date "2000.07.10"]
[Round "4"]
[White "Akopian,V"]
[Black "Huebner,R"]
[Result "1/2-1/2"]
[WhiteElo "2660"]
[BlackElo "2615"]

1.Nf3 d5 2.c4 dxc4 3.e3 Nf6 4.Bxc4 e6 5.O-O c5 6.d4 a6 7.Bb3 Nc6 8.Qe2 cxd4
9.Rd1 Be7 10.Nc3 O-O 11.exd4 Nb4 12.Ne5 Bd7 13.Bg5 Bc6 14.Rac1 Bd5 15.Nxd5 Nbxd5
16.Qf3 Rc8 17.Rxc8 Qxc8 18.Rc1 Qd8 19.g3 Qd6 20.h4 h6 21.Bxf6 Bxf6 22.Qe4 Rd8
23.Rc4 Qb6 24.Ng4 Be7 25.Ne5 Bf6 26.Ng4 Be7 27.Ne5  1/2-1/2

[Event "SuperGM"]
[Site "Dortmund GER"]
[Date "2000.07.12"]
[Round "5"]
[White "Huebner,R"]
[Black "Piket,Je"]
[Result "1/2-1/2"]
[WhiteElo "2615"]
[BlackElo "2649"]

1.d4 Nf6 2.c4 e6 3.Nf3 d5 4.Nc3 dxc4 5.e4 Bb4 6.Bg5 c5 7.Bxc4 cxd4 8.Nxd4 Bxc3+
9.bxc3 Qa5 10.Bb5+ Bd7 11.Bxf6 gxf6 12.Qb3 a6 13.Be2 Nc6 14.O-O Qc7 15.Qa3 Rc8
16.Rfc1 h5 17.Rab1 h4 18.Qb2 Qf4 19.Re1 b5 20.Qc1 Qxc1 21.Rexc1 Ke7 22.Nb3 Ne5
23.Nd2 Rhd8 24.Kf1 Rc7 25.Ke1 Rdc8 26.Rb3 Bc6 27.f3 Bd7 28.f4 Nc6 29.Nf3 e5
30.fxe5 fxe5 31.Ra3 Nd4 32.Nxe5 b4 33.Nxd7 Rxd7 34.Rxa6 Rxc3 35.Rd1 Rc2 36.Bg4 Rxg2
37.Bxd7 Nc2+ 38.Kf1 Ne3+ 39.Ke1 Nxd1 40.Kxd1 Kxd7 41.h3 Rg3 42.Rb6 Rxh3 43.Rxb4 Rh2
44.Rb6 Ke7 45.a4 f6 46.Ke1 Ra2 47.Rb7+ Ke6 48.Rh7 Rxa4  1/2-1/2

[Event "SuperGM"]
[Site "Dortmund GER"]
[Date "2000.07.13"]
[Round "6"]
[White "Bareev,E"]
[Black "Huebner,R"]
[Result "1-0"]
[WhiteElo "2702"]
[BlackElo "2615"]

1.c4 e5 2.g3 Nf6 3.Bg2 d5 4.cxd5 Nxd5 5.Nf3 Nc6 6.O-O Nb6 7.d3 Be7 8.a3 Be6
9.Nbd2 f6 10.b4 O-O 11.Bb2 Qd7 12.Qc2 Rac8 13.Rfd1 Bf7 14.Ne4 Qe6 15.Rab1 Rfd8
16.Ba1 Nd7 17.d4 exd4 18.b5 Nce5 19.Nxd4 Qa2 20.Bh3 Qxc2 21.Nxc2 Ra8 22.f4 Nc5
23.Nxf6+ gxf6 24.fxe5 fxe5 25.Ne3 Nb3 26.Bxe5 Bc5 27.Bf4 Re8 28.Kf2 Bb6 29.Bg2 Re7
30.Bd5 Nd4 31.Kf1 Rae8 32.Rb4 Rxe3 33.Bxe3 Rxe3 34.Rbxd4 Bxd4 35.Rxd4 Bxd5
36.Rxd5 Rxa3 37.Rd8+ Kf7 38.Rd7+ Kg6 39.Rxc7 b6 40.Kf2 h5 41.Rc6+ Kg7 42.Rd6 h4
43.Rd3 Ra5 44.Rb3 hxg3+ 45.hxg3 Kf6 46.Kf3 Ke5 47.g4 Ra1 48.Re3+ Kd4 49.Kf4 a5
50.bxa6 b5 51.g5 Rxa6 52.Rg3  1-0

[Event "SuperGM"]
[Site "Dortmund GER"]
[Date "2000.07.14"]
[Round "7"]
[White "Akopian,V"]
[Black "Piket,Je"]
[Result "1-0"]
[WhiteElo "2660"]
[BlackElo "2649"]

1.Nf3 d5 2.c4 e6 3.d4 Nf6 4.Nc3 dxc4 5.e4 Bb4 6.Bg5 c5 7.Bxc4 cxd4 8.Nxd4 Qa5
9.Bd2 O-O 10.Qe2 Rd8 11.Nb3 Qc7 12.O-O Nc6 13.Rad1 Ne5 14.Bb5 Bd7 15.Bxd7 Bxc3
16.Bxc3 Rxd7 17.Rc1 Nc6 18.Nc5 Re7 19.Bxf6 gxf6 20.Rc3 Kh8 21.f4 Rg8 22.Kh1 Qd6
23.e5 fxe5 24.Ne4 Nd4 25.Qf2  1-0